000
00259nam a2200109Ia 4500
008
221009s9999 xx 000 0 und d
082
_a
100/SIN
100
_a
Sinha A.K.
_9
81331
245
0
_a
Mind And Soul Of India
260
_b
Anamika Publishers
942
_c
BK
999
_c
64925
_d
64925